000 00454nam a2200181Ia 4500
001 10686
005 20260306161850.0
008 260306t1976||||xx |||||||||||||| ||spa||
041 _aESP
082 _a946.074
_bT26
100 _aTavera, José María
_eAUT
245 0 _aLos últimos días:
_b12, 13, 14, y 15 de abril de 1931
260 _c1976
300 _a422 páginas :
_c18 cm.
650 _aGEN
654 _aCHU
942 _cLIB
_dJUS
_fJUS
_2ddc
_n
999 _c10686
_d10686